Logo BPK

Biblioteka

Politechniki Koszalińskiej

Encounter with the Earth / (Rekord nr 30181)

Szczegóły MARC
000 -ETYKIETA REKORDU
podpole kontrolne o stałej długości 00498nam a2200193 i 4500
001 - NUMER KONTROLNY REKORDU
pole kontrolne bg
020 ## - MIĘDZYNARODOWY ZNORMALIZOWANY NUMER KSIĄŻKI - ISBN
ISBN 0063847809
040 ## - ŹRÓDŁO KATALOGOWANIA
Instytucja, która utworzyła rekord BPK
041 0# - KOD JĘZYKA
Kod języka tekstu en
080 ## - UNIWERSALNA KLASYFIKACJA DZIESIĘTNA - UKD
UKD 55
920 ## - Międzynarodowy znormalizowany numer książki – ISBN
ISBN 0-06-384780-9
008 - POLE O STAŁEJ DŁUGOŚCI - DANE KONTROLNE
podpole kontrolne o stałej długości s pl f |000 0 pol
100 1# - NAZWA OSOBOWA
Nazwa osobowa LAPORTE, Léo F.
245 10 - TYTUŁ/ODPOWIEDZIALNOŚĆ
Tytuł Encounter with the Earth /
Pozostałe elementy strefy tytułu i oznaczenia odpowiedzialności Léo F. Laporte.
260 ## - STREFA ADRESU WYDAWNICZEGO
Miejsce wydania San Francisco :
Nazwa wydawcy/dystrybutora Canfield Press,
Data publikacji, dystrybucji/powstania dokumentu cop.1975.
300 ## - STREFA OPISU FIZYCZNEGO
Objętość 538 s. :
Inne cechy fizyczne fot., rys., wykr. ;
Rozmiary 24 cm.
650 #9 - HASŁO PRZEDMIOTOWE W FORMIE NAZWY OGÓLNEJ LUB JEDNOSTKOWEJ
Nazwa ogólna lub geograficzna Ziemia
Określnik ogólny geologia
856 ## - LOKALIZACJA I DOSTĘP DO ELEKTRONICZNYCH DOKUMENTÓW ZDALNYCH
Link (URL) http://koha.tu.koszalin.pl/cgi-bin/koha/opac-detail.pl?biblionumber=30181
Tekst linku Katalog online BPK
942 ## - DODATKOWE ELEMENTY (KOHA)
Typ dokumentu Książka
Egzemplarze
Wycofany Status egzemplarza Uszkodzony Dostępność Lokalizacja stała Lokalizacja bieżąca Miejsce przechowywania Sygnatura Kod kreskowy Typ dokumentu
      Dostępny Biblioteka Politechniki Koszalińskiej Biblioteka Politechniki Koszalińskiej Wypożyczalnia BG 36794 01961997 Książka
© 2023 Biblioteka Politechniki Koszalińskiej :: KOHA